<?xml version="1.0" encoding="UTF-8"?>
<record
    xmlns:xsi="http://www.w3.org/2001/XMLSchema-instance"
    xsi:schemaLocation="http://www.loc.gov/MARC21/slim http://www.loc.gov/standards/marcxml/schema/MARC21slim.xsd"
    xmlns="http://www.loc.gov/MARC21/slim">

  <leader>02555nam a2200349 i 4500</leader>
  <controlfield tag="001">60861</controlfield>
  <controlfield tag="003">CO-BoRNBP</controlfield>
  <controlfield tag="005">20260413202324.0</controlfield>
  <controlfield tag="007">ta</controlfield>
  <controlfield tag="008">210825r20162004mx     jr     000 edspa d</controlfield>
  <datafield tag="020" ind1=" " ind2=" ">
    <subfield code="a">9681673662</subfield>
  </datafield>
  <datafield tag="020" ind1=" " ind2=" ">
    <subfield code="a">9789681673666</subfield>
  </datafield>
  <datafield tag="040" ind1=" " ind2=" ">
    <subfield code="a">CO-BoRNBP</subfield>
    <subfield code="b">spa</subfield>
    <subfield code="e">rda</subfield>
    <subfield code="c">CO-BoRNBP</subfield>
  </datafield>
  <datafield tag="041" ind1="0" ind2=" ">
    <subfield code="a">spa</subfield>
  </datafield>
  <datafield tag="043" ind1=" " ind2=" ">
    <subfield code="a">cl-----</subfield>
    <subfield code="a">s-ck---</subfield>
  </datafield>
  <datafield tag="082" ind1="0" ind2="4">
    <subfield code="a">H864.6</subfield>
    <subfield code="b">C61l</subfield>
    <subfield code="2">23</subfield>
  </datafield>
  <datafield tag="100" ind1="1" ind2=" ">
    <subfield code="a">Cobo Borda, Juan Gustavo,</subfield>
    <subfield code="d">1948-2022,</subfield>
    <subfield code="e">aut</subfield>
    <subfield code="9">42693</subfield>
  </datafield>
  <datafield tag="245" ind1="1" ind2="0">
    <subfield code="a">Lector impenitente /</subfield>
    <subfield code="c">Juan Gustavo Cobo Borda.</subfield>
  </datafield>
  <datafield tag="250" ind1=" " ind2=" ">
    <subfield code="a">Primera edici&#xF3;n.</subfield>
    <subfield code="b">Reimpresi&#xF3;n</subfield>
  </datafield>
  <datafield tag="264" ind1=" " ind2="1">
    <subfield code="a">M&#xE9;xico :</subfield>
    <subfield code="b">Editorial Fondo de Cultura Econ&#xF3;mica,</subfield>
    <subfield code="c">2004,</subfield>
    <subfield code="c">2016.</subfield>
  </datafield>
  <datafield tag="300" ind1=" " ind2=" ">
    <subfield code="a">501 p&#xE1;ginas ;</subfield>
    <subfield code="c">23 cm.</subfield>
  </datafield>
  <datafield tag="336" ind1=" " ind2=" ">
    <subfield code="a">texto</subfield>
    <subfield code="b">txt</subfield>
    <subfield code="2">rdacontent</subfield>
  </datafield>
  <datafield tag="337" ind1=" " ind2=" ">
    <subfield code="a">sin mediaci&#xF3;n</subfield>
    <subfield code="b">n</subfield>
    <subfield code="2">rdamedia</subfield>
  </datafield>
  <datafield tag="338" ind1=" " ind2=" ">
    <subfield code="a">volumen</subfield>
    <subfield code="b">nc</subfield>
    <subfield code="2">rdacarrier</subfield>
  </datafield>
  <datafield tag="490" ind1="0" ind2=" ">
    <subfield code="a">Tierra firme</subfield>
  </datafield>
  <datafield tag="500" ind1=" " ind2=" ">
    <subfield code="a">Reimpresi&#xF3;n de 2016 de la primera edci&#xF3;n de 2004.</subfield>
  </datafield>
  <datafield tag="520" ind1="1" ind2=" ">
    <subfield code="a">Lo primero que Crist&#xF3;bal Col&#xF3;n autor fundacional de la literatura americana not&#xF3; en los pobladores que encontr&#xF3; a su paso por el Caribe fue su curiosidad, todo quieren ver, y preguntan qu&#xE9; es y para qu&#xE9;. Animado por la curiosidad y el asombro que han distinguido a la literatura de Am&#xE9;rica, Juan Gustavo Cobo Borda hace un recorrido por varios siglos de literatura. Desde los primeros cronistas como el impasible Gonzalo Fern&#xE1;ndez de Oviedo, quien en su intenta afanosamente la descripci&#xF3;n de una iguana hasta la literatura m&#xE1;s reciente: todo es objeto de la atenci&#xF3;n del autor. es una nutrida reuni&#xF3;n de ensayos por los que transcurren las obras y las vidas de Jorge Luis Borges, Gabriel Garc&#xED;a M&#xE1;rquez, Juan Rulfo y los modernistas hispanoamericanos, entre otros muchos, todos abordados por un ejercicio cr&#xED;tico admirable. Admirable escribi&#xF3; Octavio Paz por partida doble: por su lucidez y por su pasi&#xF3;n. Una lucidez hecha de rigor y simpat&#xED;a cordial, una pasi&#xF3;n que conoce el entusiasmo y, tambi&#xE9;n, la indagaci&#xF3;n. Animado por la curiosidad y el asombro que han distinguido a la literatura de Am&#xE9;rica, Juan Gustavo Cobo Borda hace un recorrido por varios siglos de literatura. Desde los primeros cronistas como el impasible Gonzalo Fern&#xE1;ndez de Oviedo, quien en su intenta afanosamente la descripci&#xF3;n de una iguana hasta la literatura m&#xE1;s reciente... (Tomado de la fuente).</subfield>
  </datafield>
  <datafield tag="521" ind1="1" ind2=" ">
    <subfield code="a">Recomendado para un p&#xFA;blico mayor de 12 a&#xF1;os.</subfield>
  </datafield>
  <datafield tag="650" ind1="1" ind2="7">
    <subfield code="a">Ensayos colombianos</subfield>
    <subfield code="y">Siglo XX</subfield>
    <subfield code="2">lemb</subfield>
    <subfield code="9">69632</subfield>
  </datafield>
  <datafield tag="650" ind1="1" ind2="7">
    <subfield code="a">Literatura latinoamericana</subfield>
    <subfield code="x">Historia y cr&#xED;tica</subfield>
    <subfield code="y">Siglo XX</subfield>
    <subfield code="2">rnbp</subfield>
    <subfield code="9">69633</subfield>
  </datafield>
  <datafield tag="942" ind1=" " ind2=" ">
    <subfield code="2">ddc</subfield>
    <subfield code="c">BKLIT</subfield>
    <subfield code="n">0</subfield>
  </datafield>
  <datafield tag="999" ind1=" " ind2=" ">
    <subfield code="c">60861</subfield>
    <subfield code="d">60861</subfield>
  </datafield>
  <datafield tag="952" ind1=" " ind2=" ">
    <subfield code="0">0</subfield>
    <subfield code="1">0</subfield>
    <subfield code="2">ddc</subfield>
    <subfield code="4">0</subfield>
    <subfield code="7">0</subfield>
    <subfield code="8">GEN</subfield>
    <subfield code="a">MEMAPJGA</subfield>
    <subfield code="b">MEMAPJGA</subfield>
    <subfield code="c">GEN</subfield>
    <subfield code="d">2026-04-13</subfield>
    <subfield code="l">0</subfield>
    <subfield code="o">H864.6 C61l</subfield>
    <subfield code="p">MPJG01164</subfield>
    <subfield code="r">2026-04-13 20:23:47</subfield>
    <subfield code="t">Ej.1</subfield>
    <subfield code="w">2026-04-13</subfield>
    <subfield code="y">BKLIT</subfield>
  </datafield>
</record>
